00517nam a2200205Ia 4500003000400000005001700004008004100021020001800062040000700080041000800087082001900095100001400114245004900128260004300177300001400220365001300234650002200247650002200269700002000291OSt20250804190634.0210423s1999 xx 000 0 und d a81-7594-035-2 cAL aeng a320 223bKUMM aRaj Kumar aMahatma Gandhib: life ideology and thoughts aJaipurbMangal Deep Publicationsc1999 av,151bHB b295cINR aPolitical Science aPolitical Science aKumar, Vijendra